[Event "Ch France (team) (nat.1) 2005/06"]
[Site "masterchessopen.com France"]
[Date "2005.11.12"]
[Round "1"]
[White "Edouard Romain (FRA)"]
[Black "Robert Bastien (FRA)"]
[Result "1-0"]
[WhiteElo "2338"]
[BlackElo "1960"]

1.e4 c5 2.Nf3 Nc6 3.d4 cxd4 4.Nxd4 g6 5.c4 Nf6 6.Nc3 Nxd4 7.Qxd4 d6 8.Bg5 Bg7
9.Be2 O-O 10.Qd2 Be6 11.Rc1 Qa5 12.f3 Rfc8 13.b3 a6 14.Na4 Qxd2+ 15.Kxd2 Rc6
16.Nc3 Rac8 17.a4 Kf8 18.Be3 Nd7 19.a5 Nc5 20.Rb1 R6c7 21.g4 Ke8 22.h4 h6
23.Rhc1 Kf8 24.b4 Nd7 25.Nd5 Bxd5 26.exd5 Ne5 27.b5 Ke8 28.c5 dxc5 29.f4 {#r}
1-0

[Event "Bundesliga 2005/06"]
[Site "masterchessopen.com Germany"]
[Date "2005.11.12"]
[Round "3"]
[White "Erenburg Sergey (ISR)"]
[Black "Vogt Lothar (GER)"]
[Result "1-0"]
[WhiteElo "2582"]
[BlackElo "2484"]

{ Vogt Lothar (GER) +3 =9 -4 } 1.e4 c5 2.Nf3 Nc6 3.d4 cxd4 4.Nxd4 g6 5.c4 Nf6
6.Nc3 d6 7.Be2 Nxd4 8.Qxd4 Bg7 9.O-O O-O 10.Qe3 { ?/= } 10...Qb6 { ^00 ^01 ^00
^00 ^00 ^05 Qe3b6 ^00 ^00 ^00 ^01 ^00 ^05 Qe3b6 ^254 ^00 ^00 ^00 ^128 } (
10...Be6 11.Bd2 Qb6 12.Qxb6 axb6 13.a4 Nd7 14.Ra3 Nc5 15.Rfa1 Bxc3 16.Bxc3
Nxe4 17.Bd4 Rfc8 18.Re3 Bxc4 19.Rxe4 Bxe2 20.Bc3 Bb5 21.Rxe7 Bxa4 22.Rxb7 Bc6
23.Rba7 Rxa7 24.Rxa7 g5 25.f3 h6 26.Kf2 b5 { 1/2-1/2, Morozevich Alexander
2742 - Topalov Veselin 2733 , Wijk aan Zee 2001 It (cat.19) } ) 11.Qxb6 {
+0.44 CAP N ^254 ^00 ^00 ^00 ^04 ! } ( 11.Rb1 Be6 12.b3 Rfc8 13.Qxb6 axb6
14.Na4 Nd7 15.Be3 b5 16.cxb5 Rc2 17.Bd1 Rxa2 18.f4 Ra5 19.b6 Rb5 20.b4 Bc4
21.Rf2 Bd3 22.Rb3 Rxa4 23.Rxd3 Raxb4 24.e5 Nxb6 25.exd6 exd6 26.Rxd6 Nd5
27.Rd8+ Bf8 28.Bd2 Rb1 29.Rf1 Kg7 30.g3 Bc5+ { ...0-1, Vogt Lothar 2485 -
Schmenger Felix 2282 , Schwabisch Gmund 1998 It (open) } ) 11...axb6 12.Be3
Be6 13.Bd4 Rac8 14.b3 b5 15.Nxb5 Nxe4 16.Bxg7 Kxg7 17.Rfc1 Bd7 18.Bf3 Bxb5
19.cxb5 f5 { ?! } ( 19...Nc3 20.Rc2 Nxb5 21.Rxc8 Rxc8 { } ) 20.a4 Rxc1+
21.Rxc1 Nc5 { ? } ( 21...Rb8 { !? } 22.Bxe4 fxe4 23.a5 d5 { } ) 22.Rxc5 dxc5
23.Bxb7 Rb8 24.Bc6 Rd8 25.Kf1 Kf6 26.a5 Rd1+ 27.Ke2 Ra1 28.b6 { } {#r} 1-0

[Event "It"]
[Site "masterchessopen.com St.Petersburg (Russia)"]
[Date "2006.01.24"]
[Round "8"]
[White "Lanin Alexsej (RUS)"]
[Black "Zakharchenko Arnold (UKR)"]
[Result "1-0"]
[WhiteElo "2474"]
[BlackElo "2263"]

1.e4 c5 2.Nf3 Nc6 3.d4 cxd4 4.Nxd4 g6 5.c4 Nf6 6.Nc3 d6 7.Be2 Nxd4 8.Qxd4 Bg7
9.Be3 O-O 10.Qd2 Qa5 11.f3 Be6 12.Rc1 Rfc8 13.b3 a6 14.Na4 Qxd2+ 15.Kxd2 Nd7
16.g4 f5 17.exf5 gxf5 18.h3 Rf8 19.f4 Nf6 20.Rcg1 Ne4+ 21.Ke1 Rae8 22.Bd3 Bd7
23.Nb6 Bc6 24.gxf5 Rxf5 25.Nd5 e6 26.Bxe4 Rf7 27.Nc3 d5 {#r} 1-0

[Event "It (b)"]
[Site "masterchessopen.com Novi Sad (Yugoslavia)"]
[Round "0"]
[White "Mujagic Ramo (SRB)"]
[Black "Vasovski Nikola (MKD)"]
[Result "0-1"]
[WhiteElo "2287"]
[BlackElo "2417"]

1.e4 c5 2.Nf3 Nc6 3.d4 cxd4 4.Nxd4 g6 5.c4 Nf6 6.Nc3 Nxd4 7.Qxd4 d6 8.f3 Bg7
9.Be3 O-O 10.Qd2 Qa5 11.Rc1 Be6 12.Nd5 Qxa2 13.Nxe7+ Kh8 14.Bd4 Nh5 15.Bxg7+
Nxg7 16.Be2 Qb3 17.O-O Qb6+ 18.Kh1 a5 19.Rfd1 Rfe8 20.Nd5 Bxd5 21.cxd5 Rac8
22.Bd3 Qd4 {#R} 0-1

[Event "Ch France (team) (nat.2) 2005/06"]
[Site "masterchessopen.com France"]
[Date "2006.04.01"]
[Round "10"]
[White "Lagarde Maxime (FRA)"]
[Black "Restout Bruce (FRA)"]
[Result "1-0"]
[WhiteElo "2154"]
[BlackElo "2020"]

1.e4 c5 2.Nf3 g6 3.d4 cxd4 4.Nxd4 Nc6 5.c4 Nf6 6.Nc3 d6 7.Be2 Nxd4 8.Qxd4 Bg7
9.Be3 O-O 10.Qd2 Be6 11.O-O Qa5 12.f3 Rfc8 13.b3 Nxe4 14.Nxe4 Qxd2 15.Bxd2
Bd4+ 16.Kh1 Bxa1 17.Rxa1 a6 18.Be3 Rc6 19.Rd1 b5 20.c5 dxc5 21.Nxc5 Rac8
22.Rc1 f6 23.a3 Bf7 24.b4 Rd8 25.Kg1 e5 26.Kf2 f5 27.f4 exf4 28.Bxf4 Rd4
29.Be3 {#r} 1-0

[Event "Ch Ecuador (juniors) (under 15)"]
[Site "masterchessopen.com Ecuador"]
[Date "2006.05.13"]
[Round "6"]
[White "Chavez Yanchapaxi Eduardo (ECU)"]
[Black "Meza Ponce Jeison (ECU)"]
[Result "1-0"]
[WhiteElo "2015"]
[BlackElo "2193"]

1.e4 c5 2.Nf3 Nc6 3.d4 cxd4 4.Nxd4 g6 5.c4 Nf6 6.Nc3 d6 7.Be2 Nxd4 8.Qxd4 Bg7
9.O-O O-O 10.Bg5 Be6 11.Rac1 Nd5 12.Qd2 Nxc3 13.Rxc3 Bxc3 14.Qxc3 f6 15.Bh6
Re8 16.f4 Qb6+ 17.Kh1 Qc6 18.e5 dxe5 19.fxe5 f5 20.Rxf5 Qe4 21.Rf2 Rad8 22.h3
Qd4 23.Qg3 Kh8 24.Kh2 Qxb2 25.Bh5 Qb1 26.Qg5 Rd4 27.Rf8+ Rxf8 28.Qxe7 {#r} 1-0

[Event "Ch Germany (juniors) (under 12)"]
[Site "masterchessopen.com Willingen (Germany)"]
[Date "2006.06.06"]
[Round "6"]
[White "Weissenburg Isabel (GER)"]
[Black "Marquardt Patrick (GER)"]
[Result "0-1"]
[WhiteElo "1633"]
[BlackElo "2042"]

1.e4 c5 2.Nf3 Nc6 3.d4 cxd4 4.Nxd4 g6 5.c4 Nf6 6.Nc3 d6 7.Be3 Ng4 8.Bc1 Bg7
9.Nb3 O-O 10.f3 Nf6 11.Be2 Qb6 12.c5 dxc5 13.Be3 Rd8 14.Qc2 Nd4 15.Qc1 Be6
16.Na4 Qb4+ 17.Nc3 Bxb3 18.Bxd4 cxd4 19.axb3 dxc3 20.Qxc3 Qb6 21.Ra4 Rac8
22.Rb4 Qxb4 {#R} 0-1

[Event "It (open)"]
[Site "masterchessopen.com La Pobla de Lillet (Spain)"]
[Round "2"]
[White "Parligras Mircea (ROM)"]
[Black "Roemhild Marcus (GER)"]
[Result "1-0"]
[WhiteElo "2511"]
[BlackElo "2150"]

1.e4 c5 2.Nf3 g6 3.d4 cxd4 4.Nxd4 Nc6 5.c4 Nf6 6.Nc3 d6 7.Be2 Nxd4 8.Qxd4 Bg7
9.Be3 O-O 10.Qd2 Be6 11.Rc1 Qa5 12.f3 Rfc8 13.b3 a6 14.Na4 Qxd2+ 15.Kxd2 Nd7
16.g4 f5 17.exf5 gxf5 18.h3 Rf8 19.f4 Rad8 20.Rhg1 Kh8 21.Nc3 Nf6 22.g5 Ne4+
23.Nxe4 fxe4 24.Bg4 Bf5 25.Bb6 Rd7 26.Ke3 e6 27.Bxf5 exf5 28.Rgd1 Rc8 29.Rd5
Rc6 30.c5 Bb2 31.Rcd1 Kg8 {#r} 1-0

[Event "It (open)"]
[Site "masterchessopen.com La Pobla de Lillet (Spain)"]
[Round "6"]
[White "Pogorelov Ruslan (UKR)"]
[Black "Ayza Ballester Jordi (ESP)"]
[Result "1-0"]
[WhiteElo "2462"]
[BlackElo "2251"]

1.c4 c5 2.Nf3 Nc6 3.d4 cxd4 4.Nxd4 g6 5.e4 Nf6 6.Nc3 Nxd4 7.Qxd4 d6 8.Bg5 Bg7
9.Qd2 O-O 10.Bd3 Qa5 11.O-O Re8 12.Rab1 Qb4 13.a3 Qa5 14.b4 Qd8 15.Rfe1 a5
16.h3 axb4 17.axb4 Be6 18.Nd5 Bxd5 19.exd5 b6 20.Bc2 Ra2 21.Qd1 Qd7 22.Be3 Qc7
23.Bb3 Ra7 24.Ba4 Rb8 25.Bc6 Nd7 26.Bxd7 Qxd7 27.c5 bxc5 28.bxc5 Rxb1 29.Qxb1
dxc5 30.Qb8+ {#r} 1-0

[Event "Ch City Chess"]
[Site "masterchessopen.com Elista (Russia)"]
[Date "2006.08.05"]
[Round "11"]
[White "Ubushiev Andrey (RUS)"]
[Black "Borisov Sergey (RUS)"]
[Result "0-1"]
[WhiteElo "2187"]
[BlackElo "2209"]

1.e4 c5 2.Nf3 Nc6 3.d4 cxd4 4.Nxd4 g6 5.c4 Nf6 6.Nc3 Nxd4 7.Qxd4 d6 8.Bg5 Bg7
9.Qd2 Be6 10.Rc1 Rc8 11.Nd5 Nxe4 12.Bxe7 Nxd2 13.Bxd8 {#R} 0-1

[Event "Ch Europe (juniors) (under 16) (g)"]
[Site "masterchessopen.com Herceg Novi (Montenegro)"]
[Date "2006.09.10"]
[Round "1"]
[White "Severiukhina Zoja (RUS)"]
[Black "Shilo Evgenija (BLR)"]
[Result "1-0"]
[WhiteElo "2203"]
[BlackElo "1975"]

1.e4 c5 2.Nf3 Nc6 3.d4 cxd4 4.Nxd4 g6 5.c4 Nf6 6.Nc3 d6 7.Be2 Nxd4 8.Qxd4 Bg7
9.Bg5 O-O 10.Qd2 Be6 11.Rc1 Qa5 12.O-O Rfc8 13.b3 a6 14.Bf3 Rab8 15.a4 Qb4
16.Qd1 Qa5 17.Bd2 Qd8 18.Be3 Bd7 19.Ba7 Ra8 20.Bd4 Rab8 21.e5 Ne8 22.exd6 Nxd6
23.Bxg7 Kxg7 24.Qd4+ f6 25.Rcd1 Bc6 26.Bd5 Qa5 27.Be6 Qg5 28.Nd5 Nf5 29.Qe4
Rd8 30.Bxf5 gxf5 31.Qxe7+ Kg6 32.f4 {#r} 1-0

[Event "Ch Europe (juniors) (under 16) (g)"]
[Site "masterchessopen.com Herceg Novi (Montenegro)"]
[Date "2006.09.16"]
[Round "6"]
[White "Uta Adeline-Ramona (ROM)"]
[Black "Shilo Evgenija (BLR)"]
[Result "1-0"]
[WhiteElo "2050"]
[BlackElo "1975"]

1.e4 c5 2.Nf3 Nc6 3.d4 cxd4 4.Nxd4 g6 5.c4 Nf6 6.Nc3 d6 7.Be2 Nxd4 8.Qxd4 Bg7
9.Be3 O-O 10.Qd2 Be6 11.Rc1 Qa5 12.f3 Rfc8 13.b3 a6 14.Na4 Qxd2+ 15.Kxd2 Nd7
16.g4 f5 17.gxf5 gxf5 18.Rhg1 Kh8 19.Bd3 Rf8 20.Rxg7 Kxg7 21.Rg1+ Kh8 22.Bd4+
Nf6 23.exf5 Bf7 24.Nb6 Rad8 25.Re1 Rfe8 26.Rxe7 Kg7 27.Rxb7 d5 28.Nxd5 Rd6
29.Bxf6+ Rxf6 30.Nxf6 {#r} 1-0

[Event "Ch Europe (juniors) (under 12)"]
[Site "masterchessopen.com Herceg Novi (Montenegro)"]
[Date "2006.09.17"]
[Round "7"]
[White "Andersen Mads (DEN)"]
[Black "Savitskiy Sergey (RUS)"]
[Result "0-1"]
[WhiteElo "2026"]
[BlackElo "2079"]

1.e4 c5 2.Nf3 Nc6 3.d4 cxd4 4.Nxd4 g6 5.c4 Nf6 6.Nc3 Nxd4 7.Qxd4 d6 8.Be2 Bg7
9.O-O O-O 10.Qd1 Be6 11.Be3 Qa5 12.Qd2 Rfc8 13.b3 b5 14.Nxb5 Qxd2 15.Bxd2 Nxe4
16.Be3 Bxa1 17.Rxa1 a6 18.Nd4 Bd7 19.Bf3 f5 20.Ne2 Rab8 21.Bxe4 fxe4 22.Nc3
Bc6 23.Bg5 e6 24.Bf4 e5 25.Be3 Kf7 26.Rd1 Ke6 27.Kf1 a5 28.Rb1 a4 29.b4 Bd7
30.c5 d5 31.b5 d4 32.c6 Bxc6 {#R} 0-1

[Event "It (open)"]
[Site "masterchessopen.com Recklinghausen (Germany)"]
[Date "2006.10.11"]
[Round "3"]
[White "Gehring Sven"]
[Black "Kreslawski Raimond (GER)"]
[Result "0-1"]
[WhiteElo "1699"]
[BlackElo "2191"]

1.e4 c5 2.Nf3 Nc6 3.d4 cxd4 4.Nxd4 g6 5.c4 Nf6 6.Nc3 d6 7.Be2 Nxd4 8.Qxd4 Bg7
9.Qd1 Bd7 10.O-O Bc6 11.Qc2 O-O 12.f4 Nd7 13.Nd5 e6 14.Kh1 Nc5 15.Nc3 Bxc3
16.Qxc3 Nxe4 17.Qh3 Qb6 18.Be3 Qxb2 19.Bg4 f5 20.Bf3 Qc3 {#R} 0-1

[Event "Cup European Club"]
[Site "masterchessopen.com Fuegen (Austria)"]
[Date "2006.10.12"]
[Round "5"]
[White "Jones Richard S (WLS)"]
[Black "Maze Sebastien (FRA)"]
[Result "1-0"]
[WhiteElo "2354"]
[BlackElo "2510"]

1.e4 c5 2.Nf3 Nc6 3.d4 cxd4 4.Nxd4 g6 5.c4 Nf6 6.Nc3 d6 7.Be2 Nxd4 8.Qxd4 Bg7
9.Be3 O-O 10.Qd2 Be6 11.Rc1 Qa5 12.f3 Rfc8 13.b3 a6 14.Na4 Qxd2+ 15.Kxd2 Nd7
16.g4 f5 17.gxf5 gxf5 18.Rhg1 Kh8 19.Bd3 Rf8 20.Rxg7 Kxg7 21.Rg1+ Kh8 22.exf5
Nf6 23.Nb6 Rae8 24.Be4 Rf7 25.Nd7 Rd8 26.Nxf6 exf6 27.Bd5 Rdf8 28.Rg8+ Rxg8
29.Kc3 h6 30.Bd4 Bxd5 {#r} 1-0

[Event "It (open)"]
[Site "masterchessopen.com Bad Wiessee (Germany)"]
[Date "2006.11.09"]
[Round "6"]
[White "Zill Christoph (GER)"]
[Black "Faibisovich Vadim Z (RUS)"]
[Result "0-1"]
[WhiteElo "2270"]
[BlackElo "2407"]

1.e4 c5 2.Nf3 Nc6 3.d4 cxd4 4.Nxd4 g6 5.c4 Nf6 6.Nc3 d6 7.Be2 Nxd4 8.Qxd4 Bg7
9.Bg5 O-O 10.Qd2 a5 11.O-O a4 12.f3 Qa5 13.Rad1 Be6 14.Nd5 Bxd5 15.exd5 Rfe8
16.Qxa5 Rxa5 17.b4 axb3 18.axb3 Nd7 19.b4 Ra2 20.Rd2 Rea8 21.Rfd1 Bc3 22.Rxa2
Rxa2 23.Kf2 Bxb4 24.Bxe7 Bc5+ 25.Kf1 f6 {#R} 0-1

[Event "Ch France (team) (juniors) (under 20)"]
[Site "masterchessopen.com France"]
[Date "2006.11.11"]
[Round "2"]
[White "Bapst Valentin (FRA)"]
[Black "Gros Alexandre (FRA)"]
[Result "0-1"]
[WhiteElo "1971"]
[BlackElo "1727"]

1.e4 c5 2.Nf3 Nc6 3.d4 cxd4 4.Nxd4 g6 5.c4 Nf6 6.Nc3 Nxd4 7.Qxd4 Bg7 8.Be3 O-O
9.Qd2 d6 10.Be2 Be6 11.O-O Rc8 12.b3 a6 13.Rac1 Re8 14.f3 Qa5 15.Nd5 Qxd2
16.Bxd2 Bxd5 17.cxd5 Nd7 18.Be3 Bb2 19.Rc4 Ne5 20.Rb4 b5 21.a4 Bc3 22.Bxb5
Bxb4 23.Bxe8 Rxe8 24.Rc1 Nd3 25.Rc7 Nc5 26.Bxc5 Bxc5+ 27.Kf1 a5 28.Rb7 Kf8
29.Ke2 Rc8 30.g4 Bb4 {#R} 0-1

[Event "Ch City"]
[Site "masterchessopen.com Salekhard (Russia)"]
[Date "2007.01.26"]
[Round "1"]
[White "Barbarickiy Yuri (RUS)"]
[Black "Savitskiy Sergey (RUS)"]
[Result "0-1"]
[WhiteElo "2039"]
[BlackElo "2095"]

1.e4 c5 2.Nf3 Nc6 3.d4 cxd4 4.Nxd4 g6 5.c4 Nf6 6.Nc3 d6 7.Be2 Nxd4 8.Qxd4 Bg7
9.Be3 O-O 10.Qd2 Be6 11.Rc1 Qa5 12.Nd5 Qxd2+ 13.Kxd2 Nxe4+ 14.Kd3 Bxd5 15.cxd5
Nf6 16.Bf3 Rfc8 17.Bd4 Nd7 18.b3 h5 19.g4 Bxd4 20.Kxd4 Ne5 21.Be2 hxg4 22.Ke4
f5+ 23.Kf4 Kg7 {#R} 0-1

[Event "Ch France (team) (nat.2) 2006/07"]
[Site "masterchessopen.com France"]
[Date "2007.02.11"]
[Round "7"]
[White "Anka Emil (HUN)"]
[Black "Herbrechtsmeier Christof (GER)"]
[Result "1-0"]
[WhiteElo "2407"]
[BlackElo "2246"]

1.e4 c5 2.Nf3 g6 3.d4 cxd4 4.Nxd4 Nc6 5.c4 Nf6 6.Nc3 d6 7.Be2 Nxd4 8.Qxd4 Bg7
9.Be3 O-O 10.Qd2 Be6 11.f3 Rc8 12.Nd5 Nxd5 13.exd5 Bf5 14.Rc1 b5 15.b3 bxc4
16.Bxc4 Rc7 17.O-O e6 18.dxe6 Bxe6 19.Bxe6 fxe6 20.Rxc7 Qxc7 21.Rc1 Qb8 22.Rc6
Be5 23.f4 Qb5 24.Rc4 Bg7 25.Qxd6 e5 26.Qe6+ Kh8 27.Rc8 Qd3 28.Rxf8+ Bxf8
29.Qxe5+ Kg8 30.h3 {#r} 1-0

[Event "It (cat.9)"]
[Site "masterchessopen.com Guingamp (France)"]
[Date "2007.02.21"]
[Round "6"]
[White "Oleksienko Mikhailo (UKR)"]
[Black "Spiridonov Nikola (BUL)"]
[Result "1-0"]
[WhiteElo "2587"]
[BlackElo "2367"]

1.e4 c5 2.Nf3 Nc6 3.d4 cxd4 4.Nxd4 g6 5.c4 Nf6 6.Nc3 d6 7.Be2 Nxd4 8.Qxd4 Bg7
9.Bg5 O-O 10.Qd2 Be6 11.O-O Qa5 12.Rac1 Rfc8 13.b3 a6 14.f4 Rc5 15.Qe3 Re8
16.Kh1 Rxg5 17.fxg5 Nd7 18.Nd5 Bxd5 19.exd5 Qxa2 20.b4 a5 21.c5 dxc5 22.Bb5
Qxd5 23.Bc4 Bd4 {#r} 1-0

[Event "Tournament (Elo) (for the Deaf)"]
[Site "masterchessopen.com Dmitrov (Russia)"]
[Date "2007.04.17"]
[Round "7"]
[White "Popova Anna (RUS)"]
[Black "Burmistrov Alexander (RUS)"]
[Result "1-0"]
[WhiteElo "1757"]
[BlackElo "1733"]

1.e4 c5 2.Nf3 Nc6 3.d4 cxd4 4.Nxd4 g6 5.c4 Nf6 6.Nc3 d6 7.Be2 Nxd4 8.Qxd4 Bg7
9.Bg5 O-O 10.Qd2 a5 11.O-O a4 12.Rab1 Bd7 13.Qe3 Qa5 14.Rfd1 Rfc8 15.Bxf6 Bxf6
16.Nd5 Bc6 17.Nxf6+ exf6 18.Rxd6 Kg7 19.Rbd1 Qe5 20.R1d4 Re8 21.Bd3 Rac8
22.Bc2 Qa5 23.Qd3 Qe1+ 24.Qf1 Qb4 25.Qb1 b5 26.cxb5 Qxb5 27.Bxa4 Qe5 28.Bxc6
Rxc6 29.Rxc6 Qxd4 30.a3 {#r} 1-0

[Event "Cup President (active)"]
[Site "masterchessopen.com Ankara (Turkey)"]
[Date "2007.04.29"]
[Round "13"]
[White "Erdogdu Mert (TUR)"]
[Black "Yagiz Yasin Emrah (TUR)"]
[Result "1-0"]
[WhiteElo "2440"]
[BlackElo "2283"]

1.e4 c5 2.Nf3 Nc6 3.d4 cxd4 4.Nxd4 g6 5.c4 Nf6 6.Nc3 Nxd4 7.Qxd4 Bg7 8.Bg5 d6
9.Be2 O-O 10.Qd2 Be6 11.Rc1 a6 12.f3 Qa5 13.b3 Rfc8 14.Na4 Qd8 15.c5 dxc5
16.Qxd8+ Rxd8 17.Nxc5 Bc8 18.O-O h6 19.Be3 Ne8 20.Rfd1 Nd6 21.Na4 Bd7 22.Nb6
Rab8 23.Nd5 Bf8 24.Bb6 Bc6 25.Bxd8 Rxd8 26.e5 {#r} 1-0

[Event "It (open)"]
[Site "masterchessopen.com Sao Jose do Rio Preto (Brazil)"]
[Date "2007.04.29"]
[Round "4"]
[White "Giese Ellen Cristine (BRA)"]
[Black "Da Silva Heverton Gisclan N"]
[Result "0-1"]
[WhiteElo "1835"]
[BlackElo "2157"]

1.e4 c5 2.Nf3 g6 3.c4 Nc6 4.d4 cxd4 5.Nxd4 Nf6 6.Nc3 Nxd4 7.Qxd4 Bg7 8.Be2 O-O
9.O-O d6 10.f3 Be6 11.Be3 Nd5 12.Qd2 Nxc3 13.bxc3 b6 14.Rab1 Rc8 15.Rb4 Rc6
16.f4 Qc7 17.Bd4 Rc8 18.f5 Bxc4 19.fxg6 hxg6 20.Bxg7 Kxg7 21.Bxc4 Rxc4 22.Rxc4
Qxc4 23.Qd4+ Qxd4+ 24.cxd4 Rc4 25.Rd1 Rc2 {#R} 0-1

[Event "Ch Germany (juniors) (Internet) (under 14) (qual1)"]
[Site "masterchessopen.com Internet"]
[Date "2007.05.20"]
[Round "6"]
[White "Berchtenbreiter Maximilian (GER)"]
[Black "Marquardt Patrick (GER)"]
[Result "1-0"]
[WhiteElo "2030"]
[BlackElo "2042"]

1.e4 c5 2.Nf3 Nc6 3.d4 cxd4 4.Nxd4 g6 5.c4 Nf6 6.Nc3 d6 7.Be2 Qb6 8.Nc2 Bg7
9.O-O Bd7 10.Rb1 O-O 11.Be3 Qc7 12.Nd5 Nxd5 13.exd5 Ne5 14.b3 a6 15.Nd4 Rab8
16.f4 Ng4 17.Bxg4 Bxg4 18.Qxg4 Qc5 19.Rfd1 b5 20.Qe2 bxc4 21.Ne6 {#r} 1-0

[Event "Zt (w)"]
[Site "masterchessopen.com Santo-Domingo (Dominicana)"]
[Date "2007.06.04"]
[Round "6"]
[White "Zepeda Lorena (ESA)"]
[Black "Rincon Drina (VEN)"]
[Result "1-0"]
[WhiteElo "2145"]
[BlackElo "2059"]

1.e4 c5 2.Nf3 Nc6 3.d4 cxd4 4.Nxd4 g6 5.c4 Nf6 6.Nc3 d6 7.Be2 Nxd4 8.Qxd4 Bg7
9.Qd1 O-O 10.Be3 Qa5 11.O-O Be6 12.Rc1 Rfc8 13.b3 a6 14.f4 b5 15.f5 Bd7
16.fxg6 hxg6 17.e5 dxe5 18.Rxf6 Bxf6 19.Qxd7 Rd8 20.Qg4 bxc4 21.Bxc4 Kg7
22.Ne4 Qxa2 23.Rf1 Qa5 24.Nxf6 exf6 25.Qh3 Rh8 26.Qd7 Rhf8 27.Qc6 f5 28.Bg5 e4
29.Qf6+ {#r} 1-0

[Event "Ch Serbia (juniors)"]
[Site "masterchessopen.com Zlatibor (Serbia)"]
[Date "2007.08.13"]
[Round "11"]
[White "Bogosavljevic Boban (SRB)"]
[Black "Stankovic Ivan G (SRB)"]
[Result "1-0"]
[WhiteElo "2491"]
[BlackElo "2022"]

1.Nf3 c5 2.c4 Nc6 3.d4 cxd4 4.Nxd4 g6 5.e4 Nf6 6.Nc3 d6 7.Be2 Nxd4 8.Qxd4 Bg7
9.Bg5 O-O 10.Qd2 Be6 11.O-O Qa5 12.Rac1 Rfc8 13.b3 a6 14.Bf3 Rab8 15.a4 Kf8
16.Rfd1 Rc7 17.h3 Rbc8 18.Rb1 Qb4 19.Rdc1 Nd7 20.Bxe7+ Kxe7 {#r} 1-0

[Event "It (open)"]
[Site "masterchessopen.com Abudhabi (United Arab Emirates)"]
[Date "2007.08.14"]
[Round "3"]
[White "Jasim A R Saleh (UAE)"]
[Black "Kiss Pal (HUN)"]
[Result "0-1"]
[WhiteElo "2313"]
[BlackElo "2370"]

1.Nf3 g6 2.e4 c5 3.c4 Nc6 4.d4 cxd4 5.Nxd4 Nf6 6.Nc3 d6 7.Be2 Nxd4 8.Qxd4 Bg7
9.O-O O-O 10.Qd3 Nd7 11.Be3 Nc5 12.Qc2 Be6 13.Rad1 Qa5 14.Bd4 Qb4 15.Bxg7 Kxg7
16.Nd5 Bxd5 17.Rxd5 a5 18.e5 dxe5 19.Rxe5 e6 20.a3 Qb6 21.b4 axb4 22.axb4 Qxb4
23.Rb1 Qa3 24.Rb5 Qa1+ {#R} 0-1

[Event "Ch Serbia (team)"]
[Site "masterchessopen.com Zlatibor (Serbia)"]
[Date "2007.08.23"]
[Round "3"]
[White "Pavlovic Milos (SRB)"]
[Black "Dragojlovic Andjelko (SRB)"]
[Result "1-0"]
[WhiteElo "2536"]
[BlackElo "2409"]

1.e4 c5 2.Nf3 g6 3.d4 cxd4 4.Nxd4 Nc6 5.c4 Nf6 6.Nc3 d6 7.f3 Nxd4 8.Qxd4 Bg7
9.Be3 O-O 10.Qd2 Be6 11.Rc1 Qa5 12.b3 Rfc8 13.Bd3 Nd7 14.Nd5 Qd8 15.Nf4 Nc5
16.h4 Bd7 17.Be2 a5 18.h5 Bc6 19.hxg6 hxg6 20.Kf2 Qb6 21.Nd3 a4 22.b4 Nxd3+
23.Bxd3 Bd4 24.c5 Bxe3+ 25.Qxe3 Qxb4 26.Rc2 a3 27.Bc4 e6 28.Qd4 {#r} 1-0

[Event "Cup Cheliabinsk Chess Federation"]
[Site "masterchessopen.com Cheliabinsk (Russia)"]
[Date "2007.09.11"]
[Round "9"]
[White "Iljnykh Evgeni (RUS)"]
[Black "Surovtsev Evgeni (RUS)"]
[Result "0-1"]
[WhiteElo "2043"]
[BlackElo "2079"]

1.e4 c5 2.Nf3 Nc6 3.d4 cxd4 4.Nxd4 g6 5.c4 Nf6 6.Nc3 Nxd4 7.Qxd4 d6 8.Be3 Bg7
9.Be2 O-O 10.Qd1 Qa5 11.O-O Be6 12.Qd2 Rfc8 13.b3 a6 14.f4 b5 15.f5 Bd7
16.Rac1 Bc6 17.g4 b4 18.Nd5 Bxd5 19.exd5 Ne4 20.Qd3 Nc5 21.Qc2 Nd7 22.g5 Re8
23.Bg4 Ne5 24.Bh3 Qd8 25.Rcd1 a5 26.Qf2 a4 27.f6 Bf8 28.c5 axb3 29.axb3 dxc5
30.Bxc5 exf6 31.gxf6 {#R} 0-1